00465nam a2200109Ia 4500008004100000020001800041245008400059260002200143650013700165650000800302856004500310171212s9999 xx 000 0 und d a9781922144744 ceditor Peter Larmour, aThe Governance of Common Property in the Pacific Region bANU E Pressc2013 aCommons -- Pacific Area; Natural Resources, Communal -- Pacific Area; Land tenure -- Pacific Area; Right of Property -- Pacific Area aLaw uwww.jstor.org/stable/10.2307/j.ctt2tt1cd